000 00936nam a2200265 a 4500
001 000026005
003 DO-SdBNP
005 20260321073641.0
007 ta
008 110225s1987 dr 000 0 spa d
040 _aDO-SdBNP
_bspa
_cBNPHU
082 _a923.57293
_bG633b, 1987
_222
100 1 _a Bosch, Juan,
_d1909-2001
_976555
245 1 0 _aMáximo Gómez de Monte Cristi a la gloria :
_btres años de guerra en Cuba /
_cJuan Bosch.
250 _a2a ed.
260 _aSanto Domingo :
_bAlfa & Omega,
_c1987.
300 _a137 p. ;
_c21 cm.
500 _aIncluye referencias bibliográficas y notas al pie de páginas
590 _aInventariado, 2023 / DG
600 1 0 _aGómez, Máximo,
_d1836-1905
_912249
651 4 _aCuba
_xHistoria
_yGuerra de los diez años, 1868-1878
_911018
651 4 _aCuba
_xHistoria
_yGuerra de independencia, 1895-1898
_911019
910 _aValidado. Control de calidad BNPHU
942 _2ddc
_cLBS1
999 _c25497
_d25497